| 000 | 00718nam a22002177a 4500 | ||
|---|---|---|---|
| 999 |
_c74 _d74 |
||
| 003 | AR-CdUCM | ||
| 008 | 190221b ||||| |||| 00| 0 spa d | ||
| 040 |
_aMUNICIPALIDAD PROVINCIAL DEL CUSCO _cBIBLIOTECA MUNICIPAL DEL CUSCO |
||
| 082 |
_a848.71 / _bR8 |
||
| 100 |
_aVictor Hugo _9351 |
||
| 245 | _aRuy Blas / | ||
| 260 |
_aEspaña : _bRamon Sopena, _c1965. |
||
| 300 |
_a142 paginas ; _c17.5 cm. |
||
| 505 | _aContenido: Cualidades que debe tener una obra dramática --Acción --Pasiones -- Enseñanza ... | ||
| 650 |
_aDinastía de los Austrias _9352 |
||
| 650 |
_aSucesos pasionales de la tragedia _9353 |
||
| 650 |
_aEgoísmo _9354 |
||
| 650 |
_aCodicia _9355 |
||
| 942 |
_2ddc _cLIBROS |
||
| 945 |
_arjall _d2019-02-12 |
||